000 01632cam a22003375a 4500
001 L159801
008 180115s201 xxk f 001 0 eng d
020 _a9781138639638
035 _a(Sirsi) u159801
041 0 _aeng
050 0 4 _a332.332 $2 18
100 1 _aBaum, Andrew
245 0 4 _aThe income approach to property valuation
250 _a7th ed
260 _aAbingdon
_Routledge
_c2018.
300 _axv, tables 386 $2 3cm.
520 _aConsiders the global requirements for the professional valuation of real estate and the global frameworks within which valuers operate including RICS Valuation - Global Standards 2017. Looks at the key regulatory and legal factors that may affect the market value of property and the process of valuation. Examines fundamental financial concepts and methodologies for the income approach. , looks at market valution principles, income approach to freeholds and leaseholds, investment analysis, and profits based valuations Traces the historial development of the income approach. Concludes with a look at contemporary issues including sustainability, application of mass computerised valuation and artification intelligence and co-working spaces.
520 _aSupersedes 6th ed. ISBN 9780080966908.
521 _aAdvanced.
650 2 4 _aCAPITALISATION
650 2 4 _aDISCOUNTED CASH FLOW
650 2 4 _aINVESTMENT ANALYSIS
650 2 4 _aVALUATION METHODS
650 2 4 _aRED BOOK
650 2 4 _aValuation
_96273
651 4 _aENGLAND AND WALES
690 _aRATING AND VALUATION
700 1 _aMackmin, David
700 1 _aNunnington, Nick
942 _n0
999 _c116114
_d116114